000 00980nam a2200289 a 4500
001 BRL_1832
005 20190320211404.0
008 070815s1990----u--o######---#000-0#eng-#
020 _a0226437299
041 _aeng
044 _au
050 4 _aGT4211.N4
_b.K56 1990
100 1 _aKinser, Samuel
_927990
245 1 0 _aCarnival, American style
_bMardi Gras at New Orleans and Mobile
_cSamuel Kinser ; photographs by Norman Magden.
260 _aChicago
_bThe University of Chicago Press
_c1990
300 _axxi, 415 p.
_bil.
_c26 cm
500 _aAu2102
500 _aIncluye dedicatoria a Ruth Lechuga.
504 _aBibliografía: p. 397-407
650 1 4 _aCarnaval
_zLouisiana (Nueva Orleans)
_927991
650 1 4 _aCarnaval
_zAlabama (Mobile)
_927992
651 4 _aNueva Orleans (Louisiana)
_xVida social y costumbres
_927993
651 4 _aMobile (Alabama)
_xVida social y costumbres
_927994
700 1 _aMagden, Norman
_eil.
_927995
902 _aGRL
942 _2lcc
_cB
999 _c10640
_d10640